Hình ảnh học sọ não : X quang cắt lớp điện toán cộng hưởng từ
Quyển sách cung cấp những vấn đề định hướng tiếp cận về thần kinh học. Các chương được bố trí theo các vấn đề như nhức đầu, tiếp cận chẩn đoán bệnh thần kinh ngoại biên; tiểu não, rối loạn tiền đình; triệu chứng tổn thương bán...
Đã lưu trong:
| 主要作者: | |
|---|---|
| 格式: | 圖書 |
| 語言: | Undetermined |
| 出版: |
Hà Nội
Y học
2003
|
| 主題: | |
| 標簽: |
添加標簽
沒有標簽, 成為第一個標記此記錄!
|
| Thư viện lưu trữ: | Trung tâm Học liệu Trường Đại học Cần Thơ |
|---|
| LEADER | 01080nam a2200229Ia 4500 | ||
|---|---|---|---|
| 001 | CTU_240362 | ||
| 008 | 210402s9999 xx 000 0 und d | ||
| 082 | |a 616.0757 | ||
| 082 | |b C648 | ||
| 100 | |a Clrisse, Jacques | ||
| 245 | 0 | |a Hình ảnh học sọ não : | |
| 245 | 0 | |b X quang cắt lớp điện toán cộng hưởng từ | |
| 245 | 0 | |c Jacques Clrisse ; Nguyễn Thi Hùng, Phạm Ngọc Hoa hiệu đính | |
| 260 | |a Hà Nội | ||
| 260 | |b Y học | ||
| 260 | |c 2003 | ||
| 520 | |a Quyển sách cung cấp những vấn đề định hướng tiếp cận về thần kinh học. Các chương được bố trí theo các vấn đề như nhức đầu, tiếp cận chẩn đoán bệnh thần kinh ngoại biên; tiểu não, rối loạn tiền đình; triệu chứng tổn thương bán cầu đại não... | ||
| 650 | |a X-rays | ||
| 650 | |x X-quang | ||
| 904 | |i Năm | ||
| 910 | |a Tuyến | ||
| 980 | |a Trung tâm Học liệu Trường Đại học Cần Thơ | ||